Rahsia diet : (Record no. 19)

000 -LEADER
fixed length control field nam a22 a 4500
003 - CONTROL NUMBER IDENTIFIER
control field AKMAL
005 - DATE AND TIME OF LATEST TRANSACTION
control field 20170413112551.0
008 - FIXED-LENGTH DATA ELEMENTS--GENERAL INFORMATION
fixed length control field 170413t2007 my a e | 000 0 may d
020 ## - INTERNATIONAL STANDARD BOOK NUMBER
International Standard Book Number 9789831242858 (kkt.) :
Terms of availability RM9.00
040 ## - CATALOGING SOURCE
Original cataloging agency AKMAL
082 04 - DEWEY DECIMAL CLASSIFICATION NUMBER
Classification number 613.2
Edition number 22
090 00 - LOCALLY ASSIGNED LC-TYPE CALL NUMBER (OCLC); LOCAL CALL NUMBER (RLIN)
Classification number (OCLC) (R) ; Classification number, CALL (RLIN) (NR) 613.2
Local cutter number (OCLC) ; Book number/undivided call number, CALL (RLIN) RAH
245 00 - TITLE STATEMENT
Title Rahsia diet :
Remainder of title sihat sepanjang usia /
Statement of responsibility, etc. penyelenggara Norafidah Mat Rashad
260 ## - PUBLICATION, DISTRIBUTION, ETC.
Place of publication, distribution, etc. Shah Alam:
Name of publisher, distributor, etc. Alaf 21,
Date of publication, distribution, etc. 2007
300 ## - PHYSICAL DESCRIPTION
Extent 268ms. :
Other physical details il. ;
Dimensions 19cm.
650 10 - SUBJECT ADDED ENTRY--TOPICAL TERM
Topical term or geographic name entry element Diet
General subdivision Health aspects
9 (RLIN) 67
650 20 - SUBJECT ADDED ENTRY--TOPICAL TERM
Topical term or geographic name entry element Self-care, Health
9 (RLIN) 68
700 0# - ADDED ENTRY--PERSONAL NAME
Personal name Norafidah Mat Rashad
9 (RLIN) 69
942 ## - ADDED ENTRY ELEMENTS (KOHA)
Source of classification or shelving scheme
Koha item type Book
Holdings
Withdrawn status Lost status Source of classification or shelving scheme Damaged status Not for loan Collection code Home library Current library Shelving location Date acquired Inventory number Total Checkouts Total Renewals Full call number Barcode Checked out Date last seen Date last checked out Price effective from Koha item type
          NON-FICTION AKMAL Melaka AKMAL Melaka PINJAMAN 13.04.2017 602534 14 1 613.2 RAH 201700051 18.05.2026 16.04.2026 16.04.2026 13.04.2017 Book
Pusat Sumber Maklumat Dato' Haji Sarmin Md Hussin, Akademi Kastam Diraja Malaysia, Melaka
Tel: 06-2331106 | Faks: 06-2313787